Whose mouse are you? / (Record no. 6188)
[ view plain ]
| 000 -LEADER | |
|---|---|
| fixed length control field | 01174cam a2200361 a 4500 |
| 001 - CONTROL NUMBER | |
| control field | 6188 |
| 003 - CONTROL NUMBER IDENTIFIER | |
| control field | FISKH |
| 005 - DATE AND TIME OF LATEST TRANSACTION | |
| control field | 20250404111141.0 |
| 008 - FIXED-LENGTH DATA ELEMENTS--GENERAL INFORMATION | |
| fixed length control field | 860618r19861970nyua j 000 1 eng |
| 010 ## - LIBRARY OF CONGRESS CONTROL NUMBER | |
| LC control number | 86016376 |
| 020 ## - INTERNATIONAL STANDARD BOOK NUMBER | |
| International Standard Book Number | 0689711425 (pbk.) : |
| 020 ## - INTERNATIONAL STANDARD BOOK NUMBER | |
| Canceled/invalid ISBN | 0020441606 (pbk.) : |
| 020 ## - INTERNATIONAL STANDARD BOOK NUMBER | |
| Canceled/invalid ISBN | 9780689711428 |
| 040 ## - CATALOGING SOURCE | |
| Original cataloging agency | DLC |
| Transcribing agency | DLC |
| Modifying agency | DLC |
| Language of cataloging | eng |
| 050 ## - LIBRARY OF CONGRESS CALL NUMBER | |
| Classification number | PZ8.K864 W |
| 082 ## - DEWEY DECIMAL CLASSIFICATION NUMBER | |
| Classification number | 811.54 |
| 100 1# - MAIN ENTRY--PERSONAL NAME | |
| Personal name | Kraus, Robert, |
| Dates associated with a name | 1925- |
| 245 10 - TITLE STATEMENT | |
| Title | Whose mouse are you? / |
| Statement of responsibility, etc. | by Robert Kraus ; pictures by Jose Aruego. |
| 250 ## - EDITION STATEMENT | |
| Edition statement | First Aladdin Paperbacks edition 1986 |
| 260 ## - PUBLICATION, DISTRIBUTION, ETC. | |
| Place of publication, distribution, etc. | New York : |
| Name of publisher, distributor, etc. | Aladdin Books, |
| Date of publication, distribution, etc. | 1970. |
| 300 ## - PHYSICAL DESCRIPTION | |
| Extent | 32 unnumbered pages : |
| Other physical details | color illustrations ; |
| Dimensions | 26 cm |
| 500 ## - GENERAL NOTE | |
| General note | Reprint. Originally published: New York : Collier Books, 1972, c1970. |
| 505 ## - FORMATTED CONTENTS NOTE | |
| Formatted contents note | aa<br/> |
| 520 ## - SUMMARY, ETC. | |
| Summary, etc. | A lonely little mouse has to be resourceful in order to bring his family back together. |
| 521 8# - TARGET AUDIENCE NOTE | |
| Target audience note | 10<br/> |
| Source | Lexile<br/> |
| 521 8# - TARGET AUDIENCE NOTE | |
| Target audience note | aa<br/> |
| Source | Raz-Plus<br/> |
| 650 #1 - SUBJECT ADDED ENTRY--TOPICAL TERM | |
| Topical term or geographic name entry element | Mice |
| General subdivision | Fiction. |
| 650 #1 - SUBJECT ADDED ENTRY--TOPICAL TERM | |
| Topical term or geographic name entry element | Stories in rhyme. |
| 700 1# - ADDED ENTRY--PERSONAL NAME | |
| Personal name | Aruego, José, |
| Relator term | illustrator |
| 906 ## - LOCAL DATA ELEMENT F, LDF (RLIN) | |
| a | 7 |
| b | cbc |
| c | orignew |
| d | 1 |
| e | ocip |
| f | 19 |
| g | y-gencatlg |
| 942 ## - ADDED ENTRY ELEMENTS (KOHA) | |
| Source of classification or shelving scheme | Dewey Decimal Classification |
| Koha item type | Books |
| Suppress in OPAC | No |
| Withdrawn status | Lost status | Source of classification or shelving scheme | Damaged status | Not for loan | Collection | Home library | Current library | Shelving location | Date acquired | Total Checkouts | Full call number | Barcode | Date last seen | Copy number | Price effective from | Koha item type |
|---|---|---|---|---|---|---|---|---|---|---|---|---|---|---|---|---|
| Dewey Decimal Classification | Juvenile Fiction | Footprints International School Library Network Toul Kork Campus | Footprints International School Library Network Toul Kork Campus | TK Primary Library Room(4th Floor), Bookcase 7, Shelves 57-60, Dark Green Books | 03/25/2025 | KRA 811.54 PZ8.K864 W | FISTK02312 | 03/27/2025 | 1 | 03/25/2025 | Books | |||||
| Dewey Decimal Classification | Juvenile Fiction | Footprints International School Library Network Toul Kork Campus | Footprints International School Library Network Toul Kork Campus | TK Primary Library Room(4th Floor), Bookcase 7, Shelves 57-60, Dark Green Books | 04/04/2025 | KRA 811.54 PZ8.K864 W | FISTK02633 | 04/04/2025 | 2 | 04/04/2025 | Books |
